[Event "POL-chT3"]
[Site "Jastrzebia Gora POL"]
[Date "2016.09.03"]
[Round "1.30"]
[White "Sosnowska, Elzbieta"]
[Black "Wesolowska, Hanna"]
[Result "0-1"]
[WhiteElo "1867"]
[BlackElo "1890"]
[EventDate "2016.09.02"]

1.e4 e5 2.Nc3 Nc6 3.g3 Bc5 4.Bg2 d6 5.d3 Nf6 6.h3 Be6 7.Nd5 Bxd5 8.exd5 
Ne7 9.c4 Qd7 10.Ne2 Nf5 11.Bd2 Nd4 12.b4 Bb6 13.Nc3 Qf5 14.Be3 O-O 15.O-O 
c5 16.dxc6 Nxc6 17.Bxb6 axb6 18.a3 Qd7 19.Nb5 Rfd8 20.Qf3 d5 21.Rfd1 d4 
22.g4 h6 23.Qg3 Ra4 24.f4 exf4 25.Qxf4 Ne7 26.Re1 Ng6 27.Qg3 Ne7 28.Qf2 
Nc6 29.Rac1 Na7 30.Qc2 Ra6 31.a4 Nc6 32.Qb3 Rda8 33.Ra1 Nh7 34.c5 Ng5 35.
Nd6 bxc5 36.bxc5 Na5 37.Qd5 Rd8 38.h4 Ne6 39.Rab1 Nxc5 40.Qxc5 Qxd6 41.
Qxd6 Rdxd6 42.Re8+ Kh7 43.Be4+ g6 44.h5 Rd7 45.Rb8 Ra7 46.hxg6+ fxg6 47.
Rf1 Kg7 48.Rff8 Ra6 49.Rg8+ Kf7 50.Rh8 Kf6 51.Rxh6 Kg5 52.Rbh8 Nb3 53.Kg2 
Nd2 54.R6h7 Rxh7 55.Rxh7 Nxe4 56.dxe4 Rxa4 57.Kf3 Ra3+ 58.Ke2 Re3+ 59.Kd2 
Rxe4 60.Rxb7 Kxg4 61.Kd3 Rf4 62.Rb6 g5 63.Rb8 Kg3 64.Rb1 g4 65.Rb2 Kf3 66.
Rb8 g3 67.Rg8 g2 0-1

[Event "POL-chT3"]
[Site "Jastrzebia Gora POL"]
[Date "2016.09.03"]
[Round "1.31"]
[White "Wandzik, Wojciech"]
[Black "Stanach, Fabian"]
[Result "1-0"]
[WhiteElo "2346"]
[BlackElo "2062"]
[EventDate "2016.09.02"]

1.e4 c5 2.Nf3 g6 3.c4 Bg7 4.d4 cxd4 5.Nxd4 Nc6 6.Be3 Nf6 7.Nc3 O-O 8.Be2 
d6 9.O-O Bd7 10.Rc1 Nxd4 11.Bxd4 Bc6 12.f3 a5 13.b3 Nd7 14.Be3 Nc5 15.Qd2 
Qb6 16.Rc2 Rfc8 17.Rb1 Qd8 18.Bf1 h5 19.Qf2 Kh7 20.a3 Qh8 21.Nd5 Qd8 22.
Kh1 e6 23.Nf4 Qe7 24.Nd3 Nd7 25.b4 axb4 26.axb4 Ne5 27.Nxe5 Bxe5 28.b5 Be8
29.Rd1 Qc7 30.Bb6 Qe7 31.f4 Bg7 32.Rcd2 Bf8 33.Qe3 Qf6 34.Rf2 Qe7 35.Qd3 
Ra4 36.Qb3 Rca8 37.f5 Ra3 38.Qb4 R3a4 39.Qc3 Ra3 40.Qd4 exf5 41.exf5 Ra2 
42.Rf3 R8a3 43.Bd3 Bh6 44.Qg1 Bg7 45.c5 d5 46.c6 Ra1 47.c7 Qd7 48.f6 Rxd1 
49.Qxd1 Bf8 50.Bf5 gxf5 51.Rxa3 Bxa3 52.Qxh5+ 1-0

[Event "POL-chT3"]
[Site "Jastrzebia Gora POL"]
[Date "2016.09.03"]
[Round "1.32"]
[White "Kudas, Damian"]
[Black "Mroziak, Maciej"]
[Result "0-1"]
[WhiteElo "2135"]
[BlackElo "2338"]
[EventDate "2016.09.02"]

1.d4 Nf6 2.Nf3 g6 3.c4 Bg7 4.Nc3 d5 5.Qb3 dxc4 6.Qxc4 O-O 7.e4 Nc6 8.Be2 
Bg4 9.Be3 Bxf3 10.Bxf3 e5 11.d5 Nd4 12.O-O-O Ne8 13.h4 Nd6 14.Qd3 c5 15.
dxc6 bxc6 16.h5 Rb8 17.hxg6 hxg6 18.Rd2 Qa5 19.Bd1 Qb4 20.Bb3 Nxb3+ 21.
axb3 Nb7 22.Bxa7 Ra8 23.Qe3 Na5 24.Rd7 Nxb3+ 25.Kb1 Nd4 26.f4 Rxa7 27.Rxa7
exf4 28.Qd2 Nb5 29.Nd5 Qxe4+ 30.Ka1 Nxa7 0-1

[Event "POL-chT3"]
[Site "Jastrzebia Gora POL"]
[Date "2016.09.03"]
[Round "1.33"]
[White "Lizak, Jakub"]
[Black "Adamowicz, Katarzyna"]
[Result "1-0"]
[WhiteElo "2146"]
[BlackElo "2173"]
[EventDate "2016.09.02"]

1.b3 e5 2.Bb2 Nc6 3.e3 d5 4.Bb5 Bd6 5.f4 Qh4+ 6.g3 Qe7 7.Nf3 Bg4 8.fxe5 
Bxe5 9.Bxe5 Bxf3 10.Qxf3 Qxe5 11.Nc3 Nf6 12.Bxc6+ bxc6 13.O-O O-O 14.Qf4 
Rfe8 15.Qxe5 Rxe5 16.Rf4 Ne4 17.Nxe4 dxe4 18.Raf1 f6 19.Rd1 Rd8 20.Kf2 Rc5
21.c4 f5 22.g4 g6 23.Ke2 Kf7 24.gxf5 gxf5 25.Rdf1 Ke6 26.Rh4 Rh8 27.Rh6+ 
Kf7 28.Rf2 a5 29.Kd1 Kg7 30.Re6 h5 31.Rg2+ Kf7 32.Rgg6 Rg8 33.Rgf6+ Kg7 
34.Rxc6 Rxc6 35.Rxc6 Rc8 36.h4 f4 37.exf4 Rf8 38.Rxc7+ Kg6 39.c5 Rxf4 40.
c6 Rxh4 41.Rd7 1-0

[Event "POL-chT3"]
[Site "Jastrzebia Gora POL"]
[Date "2016.09.03"]
[Round "1.34"]
[White "Lach, Piotr"]
[Black "Duda, Lukasz"]
[Result "1/2-1/2"]
[WhiteElo "2135"]
[BlackElo "2200"]
[EventDate "2016.09.02"]

1.e4 e6 2.d4 d5 3.Nd2 c5 4.exd5 Qxd5 5.Ngf3 cxd4 6.Bc4 Qd6 7.O-O Nf6 8.Nb3
Nc6 9.Nbxd4 Nxd4 10.Qxd4 Qxd4 11.Nxd4 Bd7 12.Bf4 Rc8 13.Bb3 Bc5 14.Rad1 
O-O 15.Rfe1 Rfd8 16.h3 b5 17.c3 a5 18.a3 b4 19.axb4 axb4 20.Be5 Be8 21.Nf3
Bc6 22.Rxd8+ Rxd8 23.Nd4 Bb7 24.Bc7 Ra8 25.Rd1 bxc3 26.bxc3 Ne4 27.Rc1 Ra3
28.Bc4 Rxc3 29.Rxc3 Nxc3 30.Nb3 Ba7 31.Be5 Ne4 32.Bd4 Bxd4 33.Nxd4 Kf8 34.
f3 Nd6 35.Bd3 g6 36.h4 e5 37.Nb3 Ke7 38.Nc5 Bd5 39.Kf2 f5 40.g4 e4 41.fxe4
fxe4 42.Bc2 Kf6 43.Ke3 h5 44.gxh5 Nf5+ 45.Kf4 Nxh4 46.Bxe4 1/2-1/2

[Event "POL-chT3"]
[Site "Jastrzebia Gora POL"]
[Date "2016.09.03"]
[Round "1.35"]
[White "Gola, Karol"]
[Black "Watorek, Marcin"]
[Result "1-0"]
[WhiteElo "2191"]
[BlackElo "2111"]
[EventDate "2016.09.02"]

1.e4 c5 2.Nf3 d6 3.Bb5+ Nd7 4.d4 cxd4 5.Qxd4 a6 6.Bxd7+ Bxd7 7.c4 Rc8 8.
Nc3 Qc7 9.Nd2 e5 10.Qd3 Nf6 11.a4 Be7 12.O-O O-O 13.a5 Be6 14.b3 Nd7 15.
Nd5 Bxd5 16.Qxd5 Nc5 17.Ba3 Ne6 18.Nf3 Nf4 19.Qd2 f5 20.Qe3 Qd7 21.Kh1 Qe6
22.g3 Ng6 23.Rad1 f4 24.Qe2 Rc6 25.Rd3 h5 26.Ne1 h4 27.Nc2 Rcc8 28.Nb4 
fxg3 29.fxg3 Rxf1+ 30.Qxf1 Rf8 31.Rf3 Qg4 32.Rxf8+ Nxf8 33.Qd3 Bg5 34.Nd5 
hxg3 35.hxg3 Qh3+ 36.Kg1 Bh4 37.Qf3 Ng6 38.Qg2 Qxg3 39.Qxg3 Bxg3 40.Bxd6 
Kf7 41.Kg2 Be1 42.b4 Ke6 43.Bc5 Nf4+ 44.Kf3 Nd3 45.Bf8 Kf7 46.Be7 Nf4 47.
Bd6 Ke6 48.Bc7 g5 49.Bb6 Nxd5 50.cxd5+ Kf6 51.Bc5 Bd2 52.Kg4 Bc1 53.Bb6 
Bd2 54.Bd8+ Kf7 55.Kf5 Ke8 56.Bxg5 Bxb4 57.Ke6 Bxa5 58.d6 b5 59.Be7 Bb4 
60.d7# 1-0

[Event "POL-chT3"]
[Site "Jastrzebia Gora POL"]
[Date "2016.09.03"]
[Round "1.36"]
[White "Chrzaszcz, Malvina"]
[Black "Szydlowska-duda, Marta"]
[Result "0-1"]
[WhiteElo "2050"]
[BlackElo "2002"]
[EventDate "2016.09.02"]

1.e4 d5 2.exd5 Qxd5 3.Nc3 Qd6 4.d4 Nf6 5.Nf3 a6 6.g3 Bg4 7.Bg2 Nc6 8.d5 
Nb4 9.Bf4 Qc5 10.Be3 Qa5 11.h3 Bxf3 12.Bxf3 Rd8 13.Bd2 Qc5 14.Be3 Qd6 15.
Qe2 Nbxd5 16.Nxd5 Nxd5 17.O-O-O Qe5 18.Qd2 e6 19.c4 Bb4 20.Qd3 Qf6 21.cxd5
Qxf3 22.Qd4 Be7 23.Qxg7 Bf6 24.Qh6 Rxd5 25.Rxd5 exd5 26.Bf4 Qxh1+ 0-1

[Event "POL-chT3"]
[Site "Jastrzebia Gora POL"]
[Date "2016.09.03"]
[Round "1.37"]
[White "Winiarski, Mikolaj"]
[Black "Gajek, Radoslaw"]
[Result "0-1"]
[WhiteElo "2300"]
[BlackElo "2439"]
[EventDate "2016.09.02"]

1.e4 e5 2.Nf3 Nc6 3.Bc4 Nf6 4.d3 Be7 5.O-O O-O 6.c3 d5 7.exd5 Nxd5 8.Re1 
Nb6 9.Bb3 Bg4 10.h3 Bh5 11.Qe2 Kh8 12.Nbd2 f5 13.Nf1 Bf6 14.Ng3 Bg6 15.Bd2
Re8 16.Rad1 Na5 17.Bc2 c5 18.Bc1 Nc6 19.Qf1 Qd5 20.Bb3 Qd7 21.h4 h6 22.h5 
Bh7 23.Nd2 Rad8 24.Nc4 Nxc4 25.dxc4 Qf7 26.Rd5 b6 27.Qe2 Ne7 28.Rdd1 e4 
29.Ba4 Rf8 30.Bf4 Bg5 31.Be5 Qe6 32.f4 Bh4 33.Kf2 Ng8 34.Rh1 Bf6 35.Bc7 
Rxd1 36.Rxd1 Bh4 37.Rd6 e3+ 38.Kg1 Qc8 39.Rd7 Nf6 40.Re7 Ng4 41.Rd7 Bxg3 
0-1

[Event "POL-chT3"]
[Site "Jastrzebia Gora POL"]
[Date "2016.09.03"]
[Round "1.38"]
[White "Karpus, Michal"]
[Black "Rozycki, Bartlomiej"]
[Result "0-1"]
[WhiteElo "2254"]
[BlackElo "2140"]
[EventDate "2016.09.02"]

1.e4 c6 2.d4 d5 3.Nc3 dxe4 4.Nxe4 Nd7 5.Ng5 Ngf6 6.Bd3 h6 7.Ne6 Qb6 8.Nf3 
g5 9.Nxf8 Nxf8 10.Ne5 Be6 11.c3 N8d7 12.O-O Nxe5 13.dxe5 Nd5 14.Be4 Rd8 
15.Qf3 Qc7 16.Qg3 f5 17.exf6 Qxg3 18.f7+ Bxf7 19.hxg3 O-O 20.Re1 Rfe8 21.
Bc2 e5 22.a3 Kg7 23.c4 Nb6 24.b3 Bg6 25.Ra2 Bxc2 26.Rxc2 Rd3 27.b4 Kg6 28.
f3 Rd4 29.c5 Nd5 30.Kf2 Rd3 31.Rce2 Rc3 32.Bb2 Rb3 33.Bxe5 Rxa3 34.Rb2 Ra4
35.b5 Rb4 36.Ra2 Rxb5 37.Bd6 Rxe1 38.Kxe1 a5 39.Re2 a4 40.Ra2 Nc3 41.Rc2 
Rb3 42.Be5 Nd5 43.Kd2 Kf5 44.Bh8 a3 45.Ra2 Nb4 46.Ra1 a2 47.Kc1 h5 48.Bg7 
g4 0-1

[Event "POL-chT3"]
[Site "Jastrzebia Gora POL"]
[Date "2016.09.03"]
[Round "1.39"]
[White "Praczukowski, Stanislaw"]
[Black "Krainski, Aleksander"]
[Result "0-1"]
[WhiteElo "2100"]
[BlackElo "2170"]
[EventDate "2016.09.02"]

1.e4 e5 2.Nf3 Nc6 3.Bc4 Nf6 4.Ng5 d5 5.exd5 Na5 6.Bb5+ c6 7.dxc6 bxc6 8.
Be2 h6 9.Nh3 g5 10.d3 Bg7 11.Nc3 O-O 12.Ng1 Rb8 13.h4 g4 14.Be3 Nd5 15.Bc5
Re8 16.Bxg4 Rxb2 17.Bxc8 Nxc3 18.Qd2 e4 19.d4 Na4 20.Ba6 Nxc5 21.dxc5 
Qxd2+ 22.Kxd2 Rd8+ 23.Ke3 Rxc2 24.Rb1 Nc4+ 25.Bxc4 Rxc4 26.Ne2 Rd3+ 27.Kf4
Rd2 28.Ke3 Rxa2 29.Rhc1 Rxc1 30.Rxc1 h5 31.f4 f5 32.Rd1 Ra3+ 33.Kf2 Bf8 
34.Rc1 Rd3 35.Ng3 Rd5 36.Ke2 Kf7 37.Ra1 Bxc5 38.Ra6 Bb6 39.Nxh5 Rd3 0-1

[Event "POL-chT3"]
[Site "Jastrzebia Gora POL"]
[Date "2016.09.03"]
[Round "1.40"]
[White "Krainski, Slawomir"]
[Black "Kokoszczynski, Jan"]
[Result "0-1"]
[WhiteElo "2144"]
[BlackElo "1962"]
[EventDate "2016.09.02"]

1.e4 c5 2.Nf3 d6 3.c3 Nf6 4.Be2 g6 5.O-O Bg7 6.Re1 O-O 7.Bf1 Nc6 8.h3 Re8 
9.d4 cxd4 10.Nxd4 d5 11.exd5 Nxd5 12.Nxc6 bxc6 13.Nd2 Rb8 14.a4 e5 15.a5 
Be6 16.Qa4 Qc7 17.Qh4 f5 18.Nf3 e4 19.Ng5 Bf6 20.Qh6 Qg7 21.Qxg7+ Kxg7 22.
Nxe6+ Rxe6 23.Ra4 e3 24.Bc4 exf2+ 25.Kxf2 Bh4+ 26.g3 Bxg3+ 27.Kxg3 Rxe1 
28.Ra1 Rbe8 29.b4 f4+ 30.Kf2 Nf6 31.Bf1 g5 32.c4 h5 33.b5 cxb5 34.cxb5 g4 
35.Bb2 Rxa1 36.Bxa1 g3+ 37.Kf3 Re1 0-1

[Event "POL-chT3"]
[Site "Jastrzebia Gora POL"]
[Date "2016.09.03"]
[Round "1.41"]
[White "Wojtaszewski, Piotr"]
[Black "Szczesniak, Andrzej"]
[Result "1-0"]
[WhiteElo "1998"]
[BlackElo "1943"]
[EventDate "2016.09.02"]

1.c4 c5 2.Nc3 Nc6 3.g3 g6 4.Bg2 Bg7 5.e4 a6 6.Nge2 Rb8 7.O-O b5 8.d3 d6 9.
f4 Nd4 10.Nxd4 Bxd4+ 11.Kh1 Bd7 12.e5 dxe5 13.fxe5 Bxe5 14.Qe2 Bxc3 15.
bxc3 Be6 16.Bc6+ Bd7 17.Bd5 e6 18.Bf4 Rb6 19.Rae1 Ne7 20.Qe5 Rg8 21.Bg5 f5
22.Rf3 Bc6 23.Qxe6 Bxd5 24.Qxd5 Rg7 25.Rfe3 Rd6 26.Rxe7+ 1-0

[Event "POL-chT3"]
[Site "Jastrzebia Gora POL"]
[Date "2016.09.03"]
[Round "1.42"]
[White "Pacuszka, Wioletta"]
[Black "Olechnicka, Karolina"]
[Result "0-1"]
[WhiteElo "1923"]
[BlackElo "1887"]
[EventDate "2016.09.02"]

1.e4 c5 2.Nf3 d6 3.d4 cxd4 4.Nxd4 Nf6 5.Nc3 a6 6.Be2 e6 7.O-O Be7 8.f4 O-O
9.Kh1 Qc7 10.Be3 b5 11.Bf3 Bb7 12.a3 Nbd7 13.Qe1 Nc5 14.Bg1 Rac8 15.e5 
dxe5 16.fxe5 Nfd7 17.Bxb7 Nxb7 18.Nf3 Na5 19.Qg3 Nc4 20.Bd4 Bc5 21.Bxc5 
Qxc5 22.Ne4 Qc7 23.Nd6 Nxd6 24.exd6 Qxc2 25.Rf2 Qc5 26.Raf1 h6 27.Nd2 Qe5 
28.Qxe5 Nxe5 29.Re2 Rc2 30.Rfe1 Nd3 31.Ne4 Nxe1 32.Rxe1 f5 33.Nc3 Rd8 34.
Rd1 Rxb2 35.h3 Rc2 36.Rd3 Kf7 37.Kh2 e5 38.Nd1 Ke6 39.Ne3 Rc6 0-1

[Event "POL-chT3"]
[Site "Jastrzebia Gora POL"]
[Date "2016.09.03"]
[Round "1.43"]
[White "Rudolf, Michal"]
[Black "Dors, Ryszard"]
[Result "1-0"]
[WhiteElo "2339"]
[BlackElo "2167"]
[EventDate "2016.09.02"]

1.e4 c6 2.Nc3 d5 3.Nf3 Bg4 4.h3 Bxf3 5.Qxf3 Nf6 6.Be2 Nxe4 7.Nxe4 dxe4 8.
Qxe4 Qd5 9.Qxd5 cxd5 10.d4 Nc6 11.Be3 g6 12.O-O-O Bg7 13.c4 Rd8 14.cxd5 
Rxd5 15.Bc4 Ra5 16.d5 Ne5 17.b4 Ra3 18.Bb5+ Nd7 19.Kb1 a5 20.Bc1 Rc3 21.
bxa5 Rc5 22.a4 Kd8 23.Be3 Rc7 24.d6 exd6 25.Rxd6 Kc8 26.Rhd1 Nc5 27.Rc1 
Ne6 28.Bd7+ Kb8 29.Bxe6 fxe6 30.Rxe6 Rxc1+ 31.Bxc1 Bd4 32.f3 Rf8 33.a6 
bxa6 34.Rxa6 Re8 35.Rd6 Bc5 36.Rd5 Be3 37.Bxe3 Rxe3 38.Rd4 Re2 39.Rg4 Kb7 
40.Kc1 Kc6 41.Kd1 Ra2 42.Ke1 Kd6 43.Kf1 Ke6 44.h4 Kf5 45.Kg1 Kf6 46.Kh2 
Kg7 47.Kg3 Kh6 48.Rb4 Ra3 49.Kf4 Ra2 50.g4 Ra1 51.Kg3 Rg1+ 52.Kh2 Rf1 53.
Kg2 Ra1 54.Rc4 Ra3 55.Rc7 g5 56.hxg5+ Kxg5 57.Rxh7 Rxa4 58.Rh5+ Kg6 59.Rb5
Rc4 60.Kg3 Rc3 61.Rd5 Ra3 62.Kf4 Ra4+ 63.Ke3 Ra3+ 64.Ke4 Ra4+ 65.Rd4 Ra6 
66.f4 Re6+ 67.Kf3 Ra6 68.Kg3 Rb6 69.Kh4 Ra6 70.Re4 Ra8 71.Re6+ Kf7 72.Rb6 
Ra5 73.f5 Kg7 74.Kg5 Ra7 75.Re6 Kf7 76.Re4 Ra8 77.Kf4 Ra1 78.Rb4 Ra7 79.g5
Kg7 80.Kg4 Rc7 81.Kh5 Ra7 82.Rb6 Kh7 83.g6+ Kg8 84.f6 Ra8 85.Kh6 Rc8 86.
Rb7 1-0

[Event "POL-chT3"]
[Site "Jastrzebia Gora POL"]
[Date "2016.09.03"]
[Round "1.44"]
[White "Janiszewski, Maciej"]
[Black "Warszawski, Bartosz"]
[Result "0-1"]
[WhiteElo "2129"]
[BlackElo "2223"]
[EventDate "2016.09.02"]

1.Nf3 e6 2.c4 Nf6 3.g3 d5 4.d4 Be7 5.Bg2 O-O 6.O-O c5 7.cxd5 exd5 8.Nc3 
Nc6 9.b3 Ne4 10.Bb2 Bf6 11.Na4 b6 12.Rc1 Ba6 13.dxc5 Bxb2 14.Nxb2 bxc5 15.
Na4 Re8 16.Re1 c4 17.Nd2 Qg5 18.Bxe4 dxe4 19.Nxc4 Rad8 20.Nd6 Bxe2 21.Qxe2
Rxd6 22.Rc5 Qd8 23.Rec1 Nd4 24.Qe3 Qd7 25.Nc3 f5 26.Kg2 f4 27.gxf4 Nf3 28.
Nxe4 Rd3 29.Kxf3 Rxe3+ 30.fxe3 Qh3+ 31.Ng3 Qxh2 32.Rc7 Qd2 33.Nf5 Qd5+ 34.
Kg4 h5+ 35.Kg5 Qg2+ 36.Kxh5 g6+ 37.Kh6 gxf5 38.R1c6 Qh3+ 39.Kg5 Qg4+ 40.
Kh6 Qh4+ 41.Kg6 Kh8 42.Rc8 Qh7+ 43.Kf6 Qg7+ 44.Kxf5 Qd7+ 0-1

[Event "POL-chT3"]
[Site "Jastrzebia Gora POL"]
[Date "2016.09.03"]
[Round "1.45"]
[White "Chalupnik, Marcin"]
[Black "Sek, Joachim"]
[Result "1-0"]
[WhiteElo "2191"]
[BlackElo "2054"]
[EventDate "2016.09.02"]

1.e4 e6 2.d4 d5 3.Nc3 Bb4 4.e5 c5 5.a3 Bxc3+ 6.bxc3 Ne7 7.Qg4 O-O 8.Bd3 
Qa5 9.Bd2 Qa4 10.Nf3 c4 11.Bxh7+ Kxh7 12.Qh4+ Kg8 13.Qxe7 Nc6 14.Qh4 Qxc2 
15.O-O Bd7 16.Rfe1 f6 17.exf6 Rxf6 18.Rac1 Qg6 19.Bg5 Rf5 20.Re3 Raf8 21.
Rce1 Bc8 22.Qg3 Qh5 23.h4 R5f7 24.Qd6 Qg4 25.Nh2 Qf5 26.f3 Re8 27.Ng4 Rd7 
28.Qg3 Rf7 29.Qd6 Rd7 30.Qg3 Rf7 31.f4 Qh7 32.Qf3 Ref8 33.h5 Rf5 34.Qh3 
Rxf4 35.Bxf4 Rxf4 36.Rf3 Re4 37.Ref1 1-0

[Event "POL-chT3"]
[Site "Jastrzebia Gora POL"]
[Date "2016.09.03"]
[Round "1.46"]
[White "Pochcial, Jan"]
[Black "Rams, Michal"]
[Result "1/2-1/2"]
[WhiteElo "2009"]
[BlackElo "2199"]
[EventDate "2016.09.02"]

1.e4 g6 2.d4 Bg7 3.Nc3 d6 4.f4 a6 5.Nf3 b5 6.Bd3 Nd7 7.a4 b4 8.Ne2 c5 9.c3
bxc3 10.bxc3 Qc7 11.O-O Nh6 12.Qe1 cxd4 13.cxd4 Nc5 14.Ra3 Nxd3 15.Rxd3 
Qc4 16.Qd1 Bd7 17.Qb3 Qxb3 18.Rxb3 Bxa4 19.Rb4 Bd7 20.Ba3 O-O 21.h3 Rfc8 
22.g4 Bb5 23.Kf2 f6 24.Rc1 Rxc1 25.Bxc1 Rc8 26.Bd2 Rc4 27.Rb2 e5 28.dxe5 
dxe5 29.fxe5 fxe5 30.Nc3 Bc6 31.Rb8+ Kf7 32.Bxh6 Rxc3 33.Ng5+ Kf6 34.Nxh7+
Kf7 35.Ng5+ Kf6 1/2-1/2

[Event "POL-chT3"]
[Site "Jastrzebia Gora POL"]
[Date "2016.09.03"]
[Round "1.47"]
[White "Kaim, Piotr"]
[Black "Panczyszyn, Wiktor"]
[Result "1/2-1/2"]
[WhiteElo "2158"]
[BlackElo "1919"]
[EventDate "2016.09.02"]

1.d4 Nf6 2.c4 g6 3.Nc3 Bg7 4.e4 d6 5.Nf3 O-O 6.h3 c6 7.Be2 Qc7 8.O-O e5 9.
Re1 Nbd7 10.d5 Nc5 11.Bf1 a5 12.b3 Nh5 13.Be3 Nf4 14.Rc1 f5 15.Bxc5 dxc5 
16.d6 Qd8 17.exf5 Rxf5 18.Ne4 b6 19.Ng3 Rf6 20.Ne4 Rf5 21.Rc3 Ra7 22.g3 
Ne6 23.Nh4 Rf8 24.Rf3 Nd4 25.Rxf8+ Qxf8 26.Bg2 Bf5 27.Ng5 Qxd6 28.Nxf5 
gxf5 29.Qh5 Qg6 30.Qxg6 hxg6 31.Nf3 e4 32.Ng5 Bf6 33.h4 Bxg5 34.hxg5 a4 
35.Rd1 axb3 36.axb3 Ra3 37.g4 Rxb3 38.Ra1 Ne6 39.Ra8+ Nf8 40.Rc8 Kf7 41.
Rc7+ Ke8 42.Rxc6 Rb1+ 43.Kh2 Ke7 44.Rc7+ Ke8 45.Rc6 Ke7 46.Rf6 Rc1 47.Rxb6
Rxc4 48.gxf5 gxf5 49.Rf6 Rd4 50.Rxf5 Ne6 51.Re5 Kd6 52.Rxe4 1/2-1/2

[Event "POL-chT3"]
[Site "Jastrzebia Gora POL"]
[Date "2016.09.03"]
[Round "1.48"]
[White "Gorczyca, Aleksandra"]
[Black "Bednarska-bzdega, Malgorzata"]
[Result "0-1"]
[WhiteElo "2106"]
[BlackElo "2010"]
[EventDate "2016.09.02"]

1.d4 Nf6 2.Nf3 g6 3.c4 Bg7 4.Nc3 d5 5.Bf4 O-O 6.h3 c5 7.e3 cxd4 8.Nxd4 Nc6
9.Nxc6 bxc6 10.Be2 Ne4 11.Nxe4 dxe4 12.Qxd8 Rxd8 13.Rb1 Be6 14.Bc7 Rd7 15.
Ba5 c5 16.b3 Rd6 17.a4 Ra6 18.Bc7 Rc8 19.Bg3 Rd8 20.O-O Rd2 21.Rfe1 Rb6 
22.Bc7 Rb7 23.Ba5 Rd6 24.Red1 Rxd1+ 25.Bxd1 Bxc4 26.Rc1 Bxb3 27.Bxb3 Rxb3 
28.Rxc5 f5 29.g4 Ra3 30.Bd8 Rxa4 31.gxf5 gxf5 32.Rxf5 Bf6 33.Kg2 Kf7 34.
Ra5 Rxa5 35.Bxa5 Ke6 36.f3 Kd5 37.Bd8 exf3+ 38.Kxf3 Kc6 39.e4 Kd7 40.Ba5 
Be5 41.Kg4 Bc7 42.Bc3 a5 43.Kg5 a4 44.Bb2 Bd6 45.e5 a3 46.Ba1 Bc5 47.Kf5 
Be3 48.Bc3 Bc1 0-1

[Event "POL-chT3"]
[Site "Jastrzebia Gora POL"]
[Date "2016.09.03"]
[Round "1.49"]
[White "Steczek, Marcin"]
[Black "Markiewicz, Jerzy"]
[Result "1-0"]
[WhiteElo "2370"]
[BlackElo "2237"]
[EventDate "2016.09.02"]

1.e3 d5 2.Nf3 Nf6 3.c4 c6 4.b3 e6 5.Bb2 Nbd7 6.Be2 Bd6 7.O-O O-O 8.Nc3 e5 
9.cxd5 cxd5 10.Nb5 Bb8 11.Ba3 Re8 12.Nd6 Bxd6 13.Bxd6 e4 14.Nd4 Ne5 15.
Bxe5 Rxe5 16.Rc1 Bd7 17.Qc2 Rc8 18.Qb2 Re8 19.Rxc8 Qxc8 20.Qa3 Qb8 21.Rc1 
a6 22.h3 Rc8 23.Rc3 Rxc3 24.dxc3 Qc7 25.Qe7 Qxc3 26.Qd8+ Be8 27.g4 h6 28.
h4 Kf8 29.Qd6+ Kg8 30.g5 hxg5 31.hxg5 Nh7 32.Qd8 Kf8 33.Bg4 Qc5 34.Nf5 g6 
35.Nd6 Qc6 36.Nc8 Kg7 37.Ne7 Qc1+ 38.Kg2 Nxg5 39.Qxe8 Nf3 40.Bxf3 exf3+ 
41.Kxf3 Qd1+ 42.Kf4 Qd2 43.Ke5 Qxf2 44.Qg8+ Kh6 45.Nxd5 f6+ 46.Ke6 Qf5+ 
47.Ke7 1-0

[Event "POL-chT3"]
[Site "Jastrzebia Gora POL"]
[Date "2016.09.03"]
[Round "1.50"]
[White "Zaskalski, Arkadiusz"]
[Black "Smagalski, Slawomir"]
[Result "0-1"]
[WhiteElo "2142"]
[BlackElo "1943"]
[EventDate "2016.09.02"]

1.Nf3 Nf6 2.c4 e6 3.g3 b6 4.Bg2 Bb7 5.Nc3 Bb4 6.O-O O-O 7.Qc2 Re8 8.d4 c5 
9.dxc5 Bxc5 10.Bf4 a6 11.Rad1 h6 12.Na4 Be4 13.Qd2 Bc6 14.Nxc5 bxc5 15.Qc2
a5 16.Ne5 Bxg2 17.Kxg2 Qb6 18.Rd3 d6 19.Nf3 e5 20.Rb3 Qc7 21.Be3 Nc6 22.
Re1 a4 23.Ra3 Nb4 24.Qd1 Reb8 25.Rxa4 Nxa2 26.Rxa8 Rxa8 27.Qb1 Nb4 28.h3 
Rb8 29.Rd1 Nc6 30.Qc2 Rb4 31.Qd2 Nd4 32.Bxd4 exd4 33.Nxd4 Qb7+ 34.Nf3 Rxb2
35.Qd3 Ne4 36.Kg1 Rb4 37.Rc1 Rb3 38.Qd1 Nc3 39.Qd2 Nxe2+ 40.Qxe2 Rxf3 41.
Qe8+ Kh7 42.Rd1 Rf6 43.Qe3 g6 44.h4 h5 45.Qd3 Qb2 46.Rd2 Qa1+ 47.Kg2 Qa8+ 
48.Kg1 Qc8 49.Kg2 Qg4 50.f3 Qd7 51.Qd5 Qe7 52.Qd3 Re6 53.Rf2 Re3 54.Qd5 
Kg7 55.Rd2 Re2+ 56.Rxe2 Qxe2+ 57.Kg1 Qe5 58.Qd3 Qxg3+ 59.Kf1 Qxh4 60.Qxd6 
Qxc4+ 61.Kg2 Qd4 62.Qc7 c4 0-1

[Event "POL-chT3"]
[Site "Jastrzebia Gora POL"]
[Date "2016.09.03"]
[Round "1.51"]
[White "Meczynski, Waldemar"]
[Black "Augustyn, Sebastian"]
[Result "1/2-1/2"]
[WhiteElo "2032"]
[BlackElo "2116"]
[EventDate "2016.09.02"]

1.e4 c5 2.Nf3 Nc6 3.d4 cxd4 4.Nxd4 d5 5.Bb5 dxe4 6.O-O Bd7 7.Nxc6 Bxc6 8.
Bxc6+ bxc6 9.Qe2 f5 10.f3 Nf6 11.fxe4 Qd4+ 12.Be3 Qxb2 13.Nd2 fxe4 14.Nc4 
Qb5 15.Rad1 e6 16.Rd6 Qh5 17.Rxe6+ Kd7 18.Qxh5 Nxh5 19.Rxe4 Nf6 20.Rd1+ 
Nd5 21.Bf2 Re8 22.Rxe8 Kxe8 23.Bxa7 Kd7 24.Bd4 Rg8 25.a4 Be7 26.Nb6+ Kc7 
27.Nxd5+ cxd5 28.a5 Kc6 29.a6 Ra8 30.a7 Bc5 31.Bxc5 Kxc5 32.Ra1 Kb6 33.Kf2
Rxa7 34.Rxa7 Kxa7 35.Ke3 Kb6 36.Kd4 Kc6 37.Ke5 Kc5 38.g4 g5 39.h3 d4 40.
Ke4 Kc4 41.Ke5 Kc5 42.Ke4 Kc4 43.Ke5 Kc5 1/2-1/2

[Event "POL-chT3"]
[Site "Jastrzebia Gora POL"]
[Date "2016.09.03"]
[Round "1.52"]
[White "Markiewicz, Mateusz"]
[Black "Walaszczyk, Witold"]
[Result "0-1"]
[WhiteElo "2044"]
[BlackElo "2088"]
[EventDate "2016.09.02"]

1.e4 g6 2.f4 Bg7 3.Nf3 c6 4.d4 d5 5.e5 h5 6.Bd3 Nh6 7.Nbd2 Bf5 8.Nf1 Bxd3 
9.Qxd3 e6 10.Bd2 a5 11.Ne3 O-O 12.h3 c5 13.dxc5 Na6 14.g4 Nxc5 15.Qd4 Rc8 
16.gxh5 Nf5 17.Nxf5 gxf5 18.Qg1 Kh8 19.Qg5 Ne4 20.Qxd8 Rfxd8 21.Ng5 Nxg5 
22.fxg5 Bxe5 23.O-O-O Rc4 24.Rde1 Bg3 25.Reg1 f4 26.b3 Rc5 27.Be1 Rdc8 28.
Bxg3 Rxc2+ 29.Kb1 fxg3 30.Rxg3 Rf2 31.Rc1 Rxc1+ 32.Kxc1 Rxa2 33.Rf3 Kg8 
34.Rc3 b5 35.Rc8+ Kg7 36.h6+ Kh7 37.h4 a4 38.Rc7 Rf2 39.bxa4 bxa4 40.Ra7 
Rf4 41.Kd2 Kg6 42.h5+ Kh7 43.Kc3 Rf5 44.Kb4 e5 45.Kc5 e4 46.g6+ Kxh6 47.
gxf7 Kxh5 48.Rxa4 Kg6 0-1

[Event "POL-chT3"]
[Site "Jastrzebia Gora POL"]
[Date "2016.09.03"]
[Round "1.53"]
[White "Swiatnicki, Andrzej"]
[Black "Tatarczany, Piotr"]
[Result "0-1"]
[WhiteElo "2058"]
[BlackElo "1528"]
[EventDate "2016.09.02"]

1.e4 c5 2.Nf3 d6 3.c3 Nf6 4.Be2 Nc6 5.d4 cxd4 6.cxd4 e6 7.Nc3 a6 8.O-O Be7
9.Bf4 O-O 10.Rc1 Bd7 11.e5 Ne8 12.Bd3 d5 13.Re1 b5 14.a3 Na5 15.h4 Nc4 16.
Qc2 h6 17.g3 Rc8 18.Kg2 a5 19.Qb1 Bc6 20.Ng5 Qb6 21.Bh7+ Kh8 22.Bg8 g6 23.
Bxf7 Bxg5 24.Qxg6 Bxf4 25.gxf4 Rxf7 26.Qxf7 Qxd4 27.Rcd1 Qc5 28.Qxe6 Rc7 
29.Rd3 Rg7+ 30.Rg3 Rxg3+ 31.Kxg3 Ng7 32.Qxh6+ Kg8 33.Qg5 Nxb2 34.Nd1 Nxd1 
35.Rxd1 Qxa3+ 36.Kh2 Bd7 37.Rg1 Qh3# 0-1

[Event "POL-chT3"]
[Site "Jastrzebia Gora POL"]
[Date "2016.09.03"]
[Round "1.55"]
[White "Sapis, Witalis"]
[Black "Tomaszewski, Kacper"]
[Result "1/2-1/2"]
[WhiteElo "2389"]
[BlackElo "2185"]
[EventDate "2016.09.02"]

1.d4 Nf6 2.Nf3 g6 3.Bf4 Bg7 4.h3 O-O 5.e3 b6 6.a4 a6 7.c4 d5 8.Nc3 e6 9.
Qb3 Nc6 10.cxd5 exd5 11.Be2 Na5 12.Qa3 c5 13.b4 cxb4 14.Qxb4 Bf5 15.O-O 
Re8 16.Ne5 Re7 17.Rfc1 Rb7 18.Nd1 Ne4 19.Nc6 Nxc6 20.Rxc6 Bd7 21.Rc2 b5 
22.Nc3 a5 23.Qb3 Nxc3 24.Rxc3 b4 25.Qxd5 bxc3 26.Qxb7 c2 27.Qb3 Rc8 28.Rc1
Be6 29.Qd3 Rc4 30.Rxc2 Rxa4 31.Kh2 Bf5 32.Qd1 Bxc2 33.Qxc2 Rb4 34.Bc4 Qd7 
35.Ba2 a4 36.Qe4 Rb7 37.Bd5 Ra7 38.h4 a3 39.Ba2 Ra5 40.d5 Ra4 41.Qd3 Bf8 
42.d6 Rxf4 43.exf4 Qxd6 44.Qc4 1/2-1/2

[Event "POL-chT3"]
[Site "Jastrzebia Gora POL"]
[Date "2016.09.03"]
[Round "1.56"]
[White "Smolka, Marcin"]
[Black "Karwowski, Kacper"]
[Result "1/2-1/2"]
[WhiteElo "2184"]
[BlackElo "2245"]
[EventDate "2016.09.02"]

1.e4 c5 2.c4 Nc6 3.Ne2 e6 4.Nbc3 Nf6 5.d4 cxd4 6.Nxd4 Bb4 7.Nxc6 bxc6 8.
Bd3 e5 9.O-O O-O 10.Bg5 Be7 11.Kh1 d6 12.h3 Be6 13.Qa4 Qd7 14.Rad1 Bxh3 
15.Be2 Qc8 16.c5 dxc5 17.f4 exf4 18.e5 Nd5 19.Bxe7 Nxe7 20.gxh3 Qxh3+ 21.
Kg1 Qg3+ 22.Kh1 Qh3+ 23.Kg1 Qg3+ 24.Kh1 Qh4+ 25.Kg1 Qg5+ 26.Kh1 Qh4+ 27.
Kg1 1/2-1/2